| 000 | 00697cam a2200241 4500 | ||
|---|---|---|---|
| 001 | M2109 | ||
| 008 | 090401t xxu||||| |||| 00| 0 eng d | ||
| 035 | _a(Sirsi) u36511 | ||
| 041 | _aeng | ||
| 050 | _a333.0023 | ||
| 090 | _aRICS 1996/39ABCD | ||
| 110 |
_aRoyal Institution of Chartered Surveyors _94900 |
||
| 245 | _aSuccessful buildings successful businesses for decision makers in construction and property. | ||
| 260 |
_aLondon _bRICS _c1996? |
||
| 300 | _a12p. : ill. ; 30cm. | ||
| 350 | _a0 | ||
| 520 | _aPublicity brochure. | ||
| 650 | _aABOUT RICS-RICS MEMBERS | ||
| 650 |
_aProperty management _96262 |
||
| 690 |
_aProject management _96261 |
||
| 942 | _n0 | ||
| 948 | _c04/03/1997 | ||
| 999 |
_c90309 _d90309 |
||